Náklady na kvalitu

Príspevok predstavuje vhodný spôsob klasifikácie nákladov na kvalitu a pre ich zobrazenie ponúka kalkuláciu podľa aktivít. Ako veľmi užitočný nástroj pre analýzu týchto nákladov je uvedená Paretova analýza. Ak podnik uplatní meranie nákladov na kvalitu, umožní to sústrediť pozornosť na oblasti vysok...

Ausführliche Beschreibung

Gespeichert in:
Bibliographische Detailangaben
1. Verfasser: Kopřivová, Zuzana
Format: Buchkapitel
Sprache:Tschechisch
Schlagworte:
Tags: Tag hinzufügen
Keine Tags, Fügen Sie das erste Tag hinzu!

MARC

LEADER 00000nla$a2200000$$$4500
001 0079224
005 20220801085354.6
041 0 |a cze 
044 |a CZ 
245 1 0 |a Náklady na kvalitu  |c Zuzana Kopřivová 
520 |a Príspevok predstavuje vhodný spôsob klasifikácie nákladov na kvalitu a pre ich zobrazenie ponúka kalkuláciu podľa aktivít. Ako veľmi užitočný nástroj pre analýzu týchto nákladov je uvedená Paretova analýza. Ak podnik uplatní meranie nákladov na kvalitu, umožní to sústrediť pozornosť na oblasti vysokých nákladov a pomôže to odhaľovať príležitosti pre možné znižovanie celkových nákladov. Zvyšovaním kvality potom firma zaistí konkurencieschopnosť svojich výrobkov a služieb a v neposlednom rade tiež zvýšenie svojho podielu na trhu. 
610 2 0 |a podnik 
610 2 0 |a kvalita 
610 2 0 |a kvalita výrobkov 
610 2 0 |a náklady 
610 2 0 |a riadenie kvality 
610 2 0 |a analýzy 
100 1 |a Kopřivová, Zuzana